LEADER 02076nam 2200421Ia 450 001 996386839503316 005 20200824132250.0 035 $a(CKB)4940000000083128 035 $a(EEBO)2248558741 035 $a(OCoLC)ocm18472768e 035 $a(OCoLC)18472768 035 $a(EXLCZ)994940000000083128 100 $a19880912d1695 uy | 101 0 $aeng 135 $aurbn||||a|bb| 200 10$aMalebranch's Search after the truth, or, A treatise of the nature of the humane mind$hVol. II$b[electronic resource] $eand of its management, for avoiding error in the sciences : to which is added, the authors defence against the accusations of Monsieur de la Ville : also, the life of Father Malebranch, of the oratory of Paris, with an account of his works, and several particulars of his controversie with Monsieur Arnaud Dr. of Sorbonne, and Monsieur Regis, professor in philosophy at Paris, written by Monsieur Le Vasseur, lately come over from Paris /$fdone out of French from the last edition 210 $aLondon $cPrinted for S. Manship ...$d1695 215 $a[16], 1-104, 129-312, 353-488, 737-820, [2], 23, [3] p. $cill 300 $aTranslation of author's Recherche de la ve?rite?, first published in French in 1694. 300 $aSpecial t.p.: A defence of the author of Search after truth. 300 $aTranslator's dedication signed: Richard Sault. 300 $aAdvertisement: p. [1]-[3] at end. 300 $aNumerous errors in paging. 300 $aImperfect: print show-through. 300 $aReproduction of original in the British Library. 320 $aIncludes bibliographical references. 330 $aeebo-0018 606 $aKnowledge, Theory of 615 0$aKnowledge, Theory of. 700 $aMalebranche$b Nicolas$f1638-1715.$0188471 701 $aSault$b Richard$fd. 1702.$01001260 801 0$bEAJ 801 1$bEAJ 801 2$bWaOLN 906 $aBOOK 912 $a996386839503316 996 $aMalebranch's Search after the truth, or, A treatise of the nature of the humane mind$92309238 997 $aUNISA LEADER 01402nam0 22003613i 450 001 MOL0002882 005 20231121125556.0 010 $a8820434032 100 $a20090519d1990 ||||0itac50 ba 101 | $aita 102 $ait 181 1$6z01$ai $bxxxe 182 1$6z01$an 200 1 $a˜Il œdisagio di vivere$eil cibo, la casa, le malattie in Abruzzo e Molise dall'Unita al secondo dopoguerra$fCostantino Felice 205 $a2. ed 210 $aMilano$cF. Angeli$d1990 215 $a328 p.$d22 cm. 225 | $aStoria$v128 410 0$1001CFI0008406$12001 $aStoria$v128 606 $aAbruzzo$xStoria$2FIR$3RMLC050283$9I 606 $aMolise$xStoria$xSec. 19.-20.$2FIR$3RMLC312536$9I 606 $aItalia meridionale$xCondizioni economiche e sociali$2FIR$3RMLC011663$9I 676 $a945.7$9STORIA DELL'ITALIA MERIDIONALE$v19 700 1$aFelice$b, Costantino$3CFIV013666$4070$0121119 801 3$aIT$bIT-01$c20090519 850 $aIT-RM0460 $aIT-FR0017 899 $aBiblioteca Dell' Archivio Centrale Dello Stato$bRM0460 899 $aBiblioteca umanistica Giorgio Aprea$bFR0017 912 $aMOL0002882 950 0$aBiblioteca umanistica Giorgio Aprea$d 52DES 945 Fel.Dis.$e 52SBA0000159365 VMB RS $fA $h20130715$i20130715 977 $a 27$a 52 996 $aDisagio di vivere$9616973 997 $aUNICAS LEADER 06381oam 2201213 c 450 001 9910139132903321 005 20260302090207.0 010 $a9783839418932 010 $a3839418933 024 7 $a10.14361/transcript.9783839418932 035 $a(CKB)2550000001337972 035 $a(EBL)1913981 035 $a(SSID)ssj0001346394 035 $a(PQKBManifestationID)11762646 035 $a(PQKBTitleCode)TC0001346394 035 $a(PQKBWorkID)11343467 035 $a(PQKB)10009097 035 $a(SSID)ssj0001351747 035 $a(PQKBManifestationID)12465220 035 $a(PQKBTitleCode)TC0001351747 035 $a(PQKBWorkID)11301436 035 $a(PQKB)10855305 035 $a(OCoLC)903960862 035 $a(DE-B1597)395125 035 $a(OCoLC)979597405 035 $a(DE-B1597)9783839418932 035 $a(MiAaPQ)EBC5494384 035 $a(Au-PeEL)EBL5494384 035 $a(OCoLC)885021636 035 $a(transcript Verlag)9783839418932 035 $a(MiAaPQ)EBC6955899 035 $a(Au-PeEL)EBL6955899 035 $a(oapen)https://directory.doabooks.org/handle/20.500.12854/37941 035 $a(ScCtBLL)0e2790a3-853c-443c-9aca-f4401b0da64e 035 $a(Perlego)1527737 035 $a(oapen)doab37941 035 $a(EXLCZ)992550000001337972 100 $a20260302h20142013 uy 0 101 0 $ager 135 $aurmn#nnn||||| 181 $ctxt$2rdacontent 182 $cc$2rdamedia 183 $acr$2rdacarrier 200 10$aJapanizität aus dem Geist der europäischen Romantik$eDer interkulturelle Vermittler Mori Ogai und die Reorganisierung des japanischen ?Selbstbildes? in der Weltgesellschaft um 1900$fTakemitsu Morikawa 205 $a1st ed. 210 $aBielefeld$ctranscript Verlag$d2014 210 $d2014, c2013 215 $a1 online resource (316 pages) $cillustrations; digital, PDF file(s) 225 0 $aLettre 300 $aAfter the opening of the country in the middle of the 19th century, Japan quickly moved towards becoming an industrialized world power. But the romanticist syndrome, imported from Europe by Mori Ogai since the 1890s, especially enchanted young intellectuals and drove their search of a Japanese cultural identity. The goal was, internally, to integrate the entire population, and externally, to make the country distinguishable from the »West« ? paradoxically, in a spirit of European Romanticism. Takemitsu Morikawa investigates these remarkable developments and retraces the rise and canonization of the alleged self-image of modern Japan. 311 08$aPrint version: 9783837618938 320 $aIncludes bibliographical references (pages [267]-301) and indexes. 327 $a1 Inhalt 7 Vorwort und Danksagung 11 Redaktionelle Hinweise 15 1. Einleitung 17 2. Codierung 51 3. Das kommunikative Netzwerk und der Einfluss Y?gais auf seine Zeitgenossen 97 4. Kuki Shu?zo? und Die Struktur des Ikis 153 5. Reisebeschreibungen 189 6. Die Kanonisierung Y?gais 199 7. Schlussbemerkungen 235 U?bersicht der Reisebeschreibungen in Sekai kiko? bungaku zenshu? in Bd. 5, 6 und 7 254 Literaturverzeichnis 267 Sachregister 303 Personenregister 311 317 330 $aSeit der Öffnung des Landes in der Mitte des 19. Jahrhunderts bewegte sich Japan rasant auf dem Weg zur industrialisierten Weltmacht. Das dort seit den 1890er Jahren durch Mori Ogai aus Europa ?eingeführte? romantische Syndrom jedoch verzauberte insbesondere die jungen Intellektuellen und trieb sie zur Suche nach der japanischen kulturellen Identität an. Ziel war es, nach innen die gesamte Bevölkerung zu integrieren und nach außen das Land vom »Westen« unterscheidbar zu machen ? und zwar paradoxerweise im Geist der europäischen Romantik. Takemitsu Morikawa geht diesen bemerkenswerten Entwicklungen auf den Grund und zeichnet die Entstehung und die Kanonisierung des vermeintlichen Selbstbildes des modernen Japan nach. 330 1 $a»Ein überaus aufschlussreiches und gut strukturiertes Werk [...], das dank intensiver Recherche und Quellenanalyse fundierte Einblicke in die Rezeptionsgeschichte von Ogai [...] bietet.Das vorliegende Buch [kann man] auch Soziologen und Literaturwissenschaftlern empfehlen, die sich mit der Bildung von kollektivem Gedächtnis und dem Prozess der Kanonisierung beschäftigen. Darüberhinaus ist es für Japanologen lesenswert, die sich mit dem kulturellen Umbruch Japans in der Meiji-Zeit und dessen heutiger Interpretation beschäftigen.« 410 0$aLettre (Transcript (Firm)) 517 2 $aMorikawa, Japanizität aus dem Geist$eDer interkulturelle Vermittler Mori Ogai und die Reorganisierung des japanischen ?Selbstbildes? in der Weltgesellschaft um 1900 606 $aJapan 606 $aNationale Identität 606 $aNational Identity 606 $aKulturelles Gedächtnis 606 $aRomanticism 606 $aRomantik 606 $aLiterature 606 $aMori Ogai 606 $aCulture 606 $aGeneral Literature Studies 606 $aLiteratur 606 $aKultur 606 $aInterculturalism 606 $aCultural History 606 $aAllgemeine Literaturwissenschaft 606 $aInterkulturalität 606 $aLiterary Studies 606 $aKulturgeschichte 606 $aLiteraturwissenschaft 615 4$aJapan 615 4$aNationale Identität 615 4$aNational Identity 615 4$aKulturelles Gedächtnis 615 4$aRomanticism 615 4$aRomantik 615 4$aLiterature 615 4$aMori Ogai 615 4$aCulture 615 4$aGeneral Literature Studies 615 4$aLiteratur 615 4$aKultur 615 4$aInterculturalism 615 4$aCultural History 615 4$aAllgemeine Literaturwissenschaft 615 4$aInterkulturalität 615 4$aLiterary Studies 615 4$aKulturgeschichte 615 4$aLiteraturwissenschaft 676 $a155.8952 700 $aMorikawa$b Takemitsu$p
Takemitsu Morikawa, Keio University (Tokio), Japan
$4aut$0878609 712 02$aOAPEN-CH-SNF$4fnd$4http://id.loc.gov/vocabulary/relators/fnd 801 0$bDE-B1597 801 1$bDE-B1597 906 $aBOOK 912 $a9910139132903321 996 $aJapanizität aus dem Geist der europäischen Romantik$91961572 997 $aUNINA